| 000 | 01051cab a22002175a 4500 | ||
|---|---|---|---|
| 001 | L140961 | ||
| 008 | 071023e20071020xxk f 000 0 eng d | ||
| 035 | _a(Sirsi) u140961 | ||
| 041 | 0 | _aeng | |
| 100 | 1 | _aFirn, Keith | |
| 245 | 0 | 0 | _aAttend to the details |
| 260 | _c2007 | ||
| 490 | 0 |
_aEstates Gazette _v(0741) 13 October 2007, 192-194(3) |
|
| 520 | _aThe second article in a three part series on dilapidations emphasises the importance for surveyors to undertake comprehensive due diligence. Looks at requirements in the RICS "Dilapidations guidance note", the overriding professional duty of RICS members, basic due diligence, privity of contract checks, and tenancy solvency checks. Also provides a case study in which a surveyor failed to carry out appropriate due diligence on a lease-end dilapidations claim. (See also L140857). | ||
| 590 | _aKA | ||
| 650 | 2 | 4 | _aRICS DILAPIDATIONS GUIDANCE NOTE |
| 651 | 4 |
_aEngland and Wales _y1543- |
|
| 690 | _aPROPERTY-LANDLORD AND TENANT-DILAPIDATIONS | ||
| 700 | 1 | _aStell, Patrick | |
| 942 | _n0 | ||
| 999 |
_c79394 _d79394 |
||